Science Quiz

Random Science or Grab Bag Quiz

Animal Blitz 7-to-1 Quiz Stats

 Plays Quiz Updated Jul 23, 2017

Support Sporcle.
Go Orange.
Score 0/28 Timer 01:30
1 Play Today
% Correct
Elephant
96.6%
Cheetah
95.8%
Horse
95.7%
Whale
91%
Meerkat
89.4%
Flamingo
88.6%
Pelican
88.3%
Alligator
88.1%
Crocodile
86.7%
Crane
86.6%
Swallow
83.7%
Iguana
82.5%
Seal
82.1%
Frog
79.5%
% Correct
Cod
77.7%
Snake
75.7%
Toad
75.2%
Porpoise
75%
Crab
74.6%
Loon
74%
Mosquito
72.7%
Shrimp
71.9%
Gecko
69.8%
Guppy
69.5%
Sturgeon
68.1%
Salamander
67.6%
Newt
63.6%
Turtle
59%

You're not logged in!

Compare scores with friends on all Sporcle quizzes.
OR
Log In
Forgot?

From the Vault

Least Successful of the Three

by gazzso

Tickets for games in these cities are probably pretty cheap.
Remove Ads.
Support Sporcle.
Get the best of Sporcle when you Go Orange. This ad-free experience offers more features, more stats, and more fun while also helping to support Sporcle. Thank you for becoming a member.

Show Comments

Extras

Top Quizzes Today


Score Distribution

Your Account Isn't Verified!

In order to create a playlist on Sporcle, you need to verify the email address you used during registration. Go to your Sporcle Settings to finish the process.

Report this User

Report this user for behavior that violates our Community Guidelines.

Details: